[Event "Tashkent New Year-B"]
[Site "Tashkent"]
[Date "2010.12.28"]
[Round "8"]
[White "Sattarov, Fakhriddin"]
[Black "Nazarov, Elyor"]
[Result "1/2-1/2"]
[WhiteElo "2291"]
[BlackElo "2126"]
[PlyCount "28"]
[EventDate "2010.12.21"]
[EventType "swiss"]
[EventRounds "9"]
[EventCountry "UZB"]
[SourceTitle "EXT 2013"]
[Source "ChessBase"]
[SourceDate "2012.11.22"]
[SourceVersion "1"]
[SourceVersionDate "2012.11.22"]
[SourceQuality "1"]

1. e4 e5 2. Nf3 Nc6 3. Bb5 a6 4. Ba4 Nf6 5. 0-0 Be7 6. Re1 b5 7. Bb3 d6 8. c3 0-0 9. h3 Re8 10. Ng5 Rf8 11. Nf3 Re8 12. Ng5 Rf8 13. Nf3 Re8 14. Ng5 Rf8 1/2-1/2

[Event "Tashkent New Year-B"]
[Site "Tashkent"]
[Date "2010.12.27"]
[Round "7"]
[White "Golubev, Roman"]
[Black "Sattarov, Fakhriddin"]
[Result "0-1"]
[WhiteElo "2093"]
[BlackElo "2291"]
[PlyCount "120"]
[EventDate "2010.12.21"]
[EventType "swiss"]
[EventRounds "9"]
[EventCountry "UZB"]
[SourceTitle "EXT 2013"]
[Source "ChessBase"]
[SourceDate "2012.11.22"]
[SourceVersion "1"]
[SourceVersionDate "2012.11.22"]
[SourceQuality "1"]

1. e4 d6 2. d4 Nf6 3. Nc3 g6 4. Nf3 Bg7 5. Be2 0-0 6. 0-0 Nc6 7. d5 Nb8 8. Bg5 c6 9. Qd2 cxd5 10. exd5 Nbd7 11. Bh6 a5 12. Bxg7 Kxg7 13. Nb5 Nc5 14. c4 Bd7 15. Nfd4 Qb6 16. Bf3 Kg8 17. Qg5 Nd3 18. b3 a4 19. Qe3 Ne5 20. Be2 Bxb5 21. Nxb5 Qxe3 22. fxe3 axb3 23. axb3 Ne4 24. Rfd1 Rfc8 25. Na7 Rd8 26. Nb5 Nc5 27. Nd4 Kf8 28. Rdc1 Kg7 29. Kf1 h5 30. Rd1 Ng4 31. Bxg4 hxg4 32. g3 Kf6 33. b4 Na6 34. Nc2 Ke5 35. Ra5 f5 36. Rda1 Rac8 37. b5 Nc5 38. Nd4 Rh8 39. Kg2 Ke4 40. R5a3 Rh7 41. b6 Rch8 42. h4 gxh3+ 43. Kh2 Nd7 44. Ne6 Rh5 45. Ra7 Rb8 46. Rb1 Rhh8 47. Ra3 Ke5 48. Nf4 Kf6 49. Nxh3 Ne5 50. Rc1 Rbc8 51. Ra7 Ng4+ 52. Kg2 Nxe3+ 53. Kf2 Nxd5 54. Nf4 Nxf4 55. gxf4 Rb8 56. Kg3 Rhc8 57. Ra5 Rc6 58. c5 dxc5 59. Raxc5 Rxb6 60. Rc7 Re6 0-1

[Event "Tashkent New Year-B"]
[Site "Tashkent"]
[Date "2010.12.25"]
[Round "5"]
[White "Sattarov, Fakhriddin"]
[Black "Sultanov, Izzatilla"]
[Result "1-0"]
[WhiteElo "2291"]
[BlackElo "2130"]
[PlyCount "135"]
[EventDate "2010.12.21"]
[EventType "swiss"]
[EventRounds "9"]
[EventCountry "UZB"]
[SourceTitle "EXT 2013"]
[Source "ChessBase"]
[SourceDate "2012.11.22"]
[SourceVersion "1"]
[SourceVersionDate "2012.11.22"]
[SourceQuality "1"]

1. d4 Nf6 2. c4 g6 3. Nc3 Bg7 4. e4 d6 5. Nf3 Bg4 6. Be2 0-0 7. 0-0 Nbd7 8. h3 Bxf3 9. Bxf3 e5 10. d5 Ne8 11. b4 b6 12. a4 a5 13. bxa5 Rxa5 14. Ba3 f5 15. Bb4 Ra8 16. a5 bxa5 17. Rxa5 Rb8 18. Rb5 Nef6 19. Qe2 fxe4 20. Nxe4 Rxb5 21. cxb5 Nxe4 22. Bxe4 Nf6 23. g3 Qd7 24. Bg2 Rb8 25. Ba5 Qxb5 26. Qxb5 Rxb5 27. Bxc7 Bf8 28. Rd1 Be7 29. Bf1 Rb2 30. Ba5 Ne4 31. Be1 Bd8 32. Bg2 Nc5 33. Bd2 Kf7 34. Be3 Nb3 35. Be4 Ba5 36. Rb1 Rxb1+ 37. Bxb1 Bd2 38. Ba7 Bb4 39. Bc2 Nd2 40. Be3 Nc4 41. Bg5 Nb6 42. Bb3 Nd7 43. Kf1 Nf6 44. Ke2 Ne4 45. Be3 Nc5 46. Bc2 Kg7 47. h4 Nd7 48. f3 Nf6 49. Bb3 h5 50. Bf2 Kf7 51. Kd3 Ba3 52. Be1 Bc5 53. Bc2 e4+ 54. fxe4 Ng4 55. Ke2 Bd4 56. Ba4 Ke7 57. Bd2 Kf6 58. Bd7 Ke7 59. Be6 Kf6 60. Bf4 Ne5 61. Kd2 Bf2 62. Kc3 Bc5 63. Bc8 Nf7 64. Kc4 Ne5+ 65. Kb5 Bf2 66. Bh3 Bc5 67. Bf1 Ke7 68. Bxe5 1-0

[Event "Agzamov Memorial 03rd"]
[Site "Tashkent"]
[Date "2009.03.17"]
[Round "2"]
[White "Sattarov, Fakhriddin"]
[Black "Kasimdzhanov, Rustam"]
[Result "1/2-1/2"]
[WhiteElo "2330"]
[BlackElo "2687"]
[PlyCount "60"]
[EventDate "2009.03.15"]
[EventType "swiss"]
[EventRounds "9"]
[EventCountry "UZB"]
[SourceTitle "CBM 129 Extra"]
[Source "ChessBase"]
[SourceDate "2009.05.05"]
[SourceVersion "2"]
[SourceVersionDate "2009.05.20"]
[SourceQuality "1"]

1. d4 Nf6 2. c4 e6 3. Nf3 c5 4. d5 d6 5. Nc3 exd5 6. cxd5 g6 7. e4 a6 8. Bd3 b5 9. h3 Bg7 10. 0-0 0-0 11. Bf4 Re8 12. Re1 Ra7 13. a3 c4 14. Bc2 Rae7 15. Qd2 Qb6 16. Be3 Qc7 17. Bh6 Nfd7 18. Bxg7 Kxg7 19. Nd4 Qc5 20. b4 cxb3 21. Nxb3 Qa7 22. a4 b4 23. Ne2 Nf6 24. Ng3 a5 25. Nd4 Re5 26. Nf3 R5e7 27. Nd4 h6 28. Re3 Re5 29. Nf3 R5e7 30. Nd4 Re5 1/2-1/2

[Event "Abu Dhabi op 17th"]
[Site "Abu Dhabi"]
[Date "2007.08.17"]
[Round "6"]
[White "Sattarov, Fakhriddin"]
[Black "Mamedjarova, Turkan"]
[Result "0-1"]
[WhiteElo "2357"]
[BlackElo "2254"]
[PlyCount "112"]
[EventDate "2007.08.12"]
[EventType "swiss"]
[EventRounds "9"]
[EventCountry "UAE"]
[SourceTitle "CBM 119 Extra"]
[Source "ChessBase"]
[SourceDate "2007.09.04"]
[SourceVersion "1"]
[SourceVersionDate "2007.09.04"]
[SourceQuality "1"]

1. d4 d5 2. c4 e6 3. Nc3 Nf6 4. Bg5 Be7 5. e3 0-0 6. Qc2 h6 7. Bh4 b6 8. cxd5 Nxd5 9. Bxe7 Qxe7 10. Nf3 c5 11. Nxd5 exd5 12. Be2 Ba6 13. dxc5 bxc5 14. Bxa6 Nxa6 15. 0-0 Rab8 16. b3 Rfc8 17. Qd2 Rd8 18. Rac1 Rbc8 19. Rfd1 Rc6 20. Qb2 Re6 21. g3 Qb7 22. Nh4 Rf6 23. Rd2 Qe7 24. Rcd1 Qe4 25. Qc2 Qe6 26. Qb2 Qe4 27. Qc3 Qe6 28. Ng2 g5 29. Ne1 Rf5 30. Nc2 Rf3 31. a3 h5 32. Qd3 Qb6 33. Qe2 Rf5 34. Qxh5 Nc7 35. b4 Ne6 36. Qg4 Re5 37. f4 Re4 38. h4 d4 39. Qf5 Qc6 40. b5 Qb7 41. hxg5 Ng7 42. Qf6 Rde8 43. g6 fxg6 44. Qxg6 R4e6 45. Qg5 Qe4 46. Rh2 d3 47. Ne1 Qxe3+ 48. Rf2 c4 49. Ng2 Qd4 50. f5 Re2 51. Rdf1 Rxf2 52. Rxf2 Re2 53. Qf4 Qxf4 54. Nxf4 d2 55. Nxe2 d1Q+ 56. Kh2 Nxf5 0-1

[Event "Abu Dhabi op 17th"]
[Site "Abu Dhabi"]
[Date "2007.08.15"]
[Round "4"]
[White "Sattarov, Fakhriddin"]
[Black "Guliev, Sarhan"]
[Result "0-1"]
[WhiteElo "2357"]
[BlackElo "2484"]
[PlyCount "140"]
[EventDate "2007.08.12"]
[EventType "swiss"]
[EventRounds "9"]
[EventCountry "UAE"]
[SourceTitle "CBM 119 Extra"]
[Source "ChessBase"]
[SourceDate "2007.09.04"]
[SourceVersion "1"]
[SourceVersionDate "2007.09.04"]
[SourceQuality "1"]

1. d4 f5 2. g3 Nf6 3. Bg2 d6 4. Nf3 g6 5. 0-0 Bg7 6. c3 0-0 7. Qb3+ e6 8. Nbd2 a5 9. Re1 a4 10. Qc2 Nc6 11. e4 e5 12. dxe5 dxe5 13. b3 Nxe4 14. Nxe4 fxe4 15. Ng5 Qd3 16. Bxe4 Qxc2 17. Bxc2 h6 18. Ne4 axb3 19. Bxb3+ Kh7 20. Be3 Na5 21. Bc2 b6 22. Nd2 Bf5 23. Be4 Rad8 24. Bg2 e4 25. Rac1 Rfe8 26. h3 g5 27. g4 Bg6 28. Bf1 Re7 29. Bb5 Re5 30. a4 Re6 31. Nf1 Nc6 32. Red1 Rxd1 33. Rxd1 Ne5 34. Ng3 Re7 35. Kf1 Nd3 36. c4 c5 37. Bc6 Nb2 38. Rc1 Ra7 39. Rc2 Nd3 40. Rd2 Bc3 41. Rd1 Nb2 42. Rc1 Be5 43. Bb5 Nxa4 44. Nf5 Nc3 45. Bc6 Bf7 46. Bd2 Bxc4+ 47. Kg2 Ra3 48. Bxc3 Rxc3 49. Rb1 Rb3 50. Bxe4 Rxb1 51. Bxb1 Bd5+ 52. f3 Bf7 53. Ne7+ Kg7 54. Nf5+ Kf6 55. Nxh6 Be6 56. Nf5 b5 57. Kf2 b4 58. h4 c4 59. hxg5+ Kxg5 60. Ke2 Kf4 61. Nh4 Bd4 62. Ng2+ Kg5 63. Ne1 b3 64. Bh7 Bd5 65. Bf5 Kf4 66. Bh7 Kg3 67. Bf5 Be5 68. Bb1 Bf4 69. Bf5 c3 70. Nd3 Bxf3+ 0-1